[Event "European Blitz 2017"]
[Site "Katowice POL"]
[Date "2017.12.15"]
[Round "19.45"]
[White "Mikrut, Dariusz"]
[Black "Shubin, Kirill"]
[Result "0-1"]
[WhiteTitle "IM"]
[BlackTitle "FM"]
[WhiteElo "2375"]
[BlackElo "2287"]
[WhiteFideId "1112791"]
[BlackFideId "34119962"]
[EventDate "2017.12.15"]
[EventType "blitz"]

1. d4 e6 2. Nf3 Nf6 3. c4 Bb4+ 4. Nbd2 O-O 5. e3 b6 6. Bd3 Bb7 7. O-O d5 8. cxd5
exd5 9. a3 Bd6 10. b4 Nbd7 11. Bb2 Re8 12. Qc2 Ne4 13. Bb5 Re6 14. Rac1 a6 15.
Bxd7 Qxd7 16. Nxe4 dxe4 17. Ne5 Qe7 18. g3 Rh6 19. Qc4 Rf8 20. Rc2 Kh8 21. Qe2
b5 22. Nc6 Qd7 23. d5 Qh3 24. f4 exf3 25. Qxf3 Bc8 26. Be5 Bg4 27. Qf4 Bxe5 28.
Nxe5 Bh5 29. Rcf2 Rf6 30. Qg5 Rxf2 31. Rxf2 Kg8 32. Qe7 Bg6 33. Nd7 Ra8 34. Qe5
Qxd7 35. Kg2 Re8 36. Qf4 Qxd5+ 37. Kh3 Qe6+ 38. Kg2 Qxe3 39. Qxc7 Qe4+ 40. Kh3
Bf5+ 0-1

[Event "European Blitz 2017"]
[Site "Katowice POL"]
[Date "2017.12.15"]
[Round "19.46"]
[White "Berzina, Ilze"]
[Black "Polivanov, Anatoliy"]
[Result "1-0"]
[WhiteTitle "WGM"]
[BlackTitle "IM"]
[WhiteElo "2211"]
[BlackElo "2383"]
[WhiteFideId "11601345"]
[BlackFideId "14109468"]
[EventDate "2017.12.15"]
[EventType "blitz"]

1. e4 c5 2. Nf3 e6 3. c4 Nc6 4. Nc3 Nd4 5. Nxd4 cxd4 6. Nb1 Ne7 7. d3 Nc6 8. Be2
Bb4+ 9. Nd2 a5 10. O-O O-O 11. f4 f5 12. Bf3 b6 13. exf5 Rxf5 14. Be4 Rf7 15.
Nf3 d5 16. Bxh7+ Kxh7 17. Ng5+ Kg8 18. Qh5 Qf6 19. Rf3 g6 20. Qh6 Rfa7 21. Rg3
Qg7 22. Qh4 e5 23. fxe5 Bf5 24. cxd5 Nxe5 25. Ne6 Bxe6 26. dxe6 Be7 27. Bg5 Bxg5
28. Qxg5 Rf8 29. Re1 Nc6 30. e7 Rxe7 31. Qd5+ Rff7 32. Rf1 Na7 33. Rgf3 Kf8 34.
Qd8+ Re8 35. Rxf7+ Qxf7 36. Rxf7+ Kxf7 37. Qd5+ Re6 38. Qxd4 Nb5 39. Qd7+ Kf6
40. Qxb5 g5 41. g4 a4 42. Qf5+ 1-0

[Event "European Blitz 2017"]
[Site "Katowice POL"]
[Date "2017.12.15"]
[Round "19.47"]
[White "Saraci, Nderim"]
[Black "Oglaza, Oskar"]
[Result "1-0"]
[WhiteTitle "FM"]
[WhiteElo "2398"]
[BlackElo "2245"]
[WhiteFideId "6351921"]
[BlackFideId "1194402"]
[EventDate "2017.12.15"]
[EventType "blitz"]

1. d4 Nf6 2. Bf4 g6 3. e3 Bg7 4. h3 O-O 5. Nd2 d6 6. Ngf3 c5 7. c3 Nc6 8. Bc4
cxd4 9. cxd4 Nh5 10. Bh2 e5 11. dxe5 dxe5 12. O-O Qc7 13. Rc1 Kh8 14. Ne4 f5 15.
Nd6 Rd8 16. Nf7+ Qxf7 17. Bxf7 Rxd1 18. Rfxd1 e4 19. Rxc6 1-0

[Event "European Blitz 2017"]
[Site "Katowice POL"]
[Date "2017.12.15"]
[Round "19.48"]
[White "Walach, Marcin"]
[Black "Saric, Ivan"]
[Result "0-1"]
[WhiteTitle "FM"]
[BlackTitle "GM"]
[WhiteElo "2319"]
[BlackElo "2669"]
[WhiteFideId "1107682"]
[BlackFideId "14508150"]
[EventDate "2017.12.15"]
[EventType "blitz"]

1. e4 c6 2. d4 d5 3. Nc3 dxe4 4. Nxe4 Bf5 5. Ng3 Bg6 6. Nh3 Nf6 7. Nf4 e5 8.
dxe5 Qa5+ 9. Bd2 Qxe5+ 10. Qe2 Nbd7 11. Qxe5+ Nxe5 12. O-O-O O-O-O 13. Nxg6 hxg6
14. h3 Bc5 15. f3 Bf2 16. Ne4 Nxe4 17. fxe4 Rh4 18. Bd3 Nxd3+ 19. cxd3 Rxd3 20.
Rhf1 Bc5 21. Rxf7 Rxe4 22. Rxg7 Re2 23. Rg8+ Kd7 24. Bc3 Be3+ 0-1

[Event "European Blitz 2017"]
[Site "Katowice POL"]
[Date "2017.12.15"]
[Round "19.49"]
[White "Radnai, Adam"]
[Black "Alekseev, Evgeny"]
[Result "0-1"]
[WhiteTitle "FM"]
[BlackTitle "GM"]
[WhiteElo "2266"]
[BlackElo "2616"]
[WhiteFideId "726702"]
[BlackFideId "4138147"]
[EventDate "2017.12.15"]
[EventType "blitz"]

1. Nf3 c5 2. c4 Nc6 3. Nc3 g6 4. e3 Nf6 5. d4 cxd4 6. exd4 d5 7. cxd5 Nxd5 8.
Bc4 Nb6 9. Bb3 Bg7 10. Be3 O-O 11. h3 Na5 12. Bc2 Nd5 13. O-O Nc4 14. Qe2 Ncb6
15. Rac1 Bd7 16. Rfd1 Rc8 17. Bb3 Nxe3 18. fxe3 e6 19. Ne4 Bc6 20. Nc5 Qe7 21.
Qf2 Rfd8 22. a3 Bd5 23. Bxd5 Nxd5 24. b4 b6 25. Nd3 0-1

[Event "European Blitz 2017"]
[Site "Katowice POL"]
[Date "2017.12.15"]
[Round "19.50"]
[White "Lewtak, Damian"]
[Black "Mikhalchishin, Adrian"]
[Result "0-1"]
[BlackTitle "GM"]
[WhiteElo "2358"]
[BlackElo "2479"]
[WhiteFideId "1141724"]
[BlackFideId "14602385"]
[EventDate "2017.12.15"]
[EventType "swiss"]

1. b3 e5 2. Bb2 Nc6 3. e3 Nf6 4. Nc3 d5 5. Bb5 Bd7 6. Nce2 Bd6 7. Nf3 Qe7 8. d4
e4 9. Bxc6 Bxc6 10. Ne5 Bxe5 11. dxe5 Nd7 12. Qd4 Nf8 13. Nf4 Ne6 14. Nxe6 fxe6
15. a4 Qg5 16. Ba3 b6 17. O-O-O Bd7 18. f4 Qg6 19. b4 O-O 20. g4 Rfc8 21. f5 Qe8
22. b5 c5 23. bxc6 Bxc6 24. Rd2 Bxa4 25. fxe6 Bc6 26. e7 Qd7 27. Rf1 h6 28. Rdf2
Kh7 29. e6 Qxe6 30. Bb2 Qg6 31. Rf8 Ba4 32. R1f7 Rxc2+ 0-1

[Event "European Blitz 2017"]
[Site "Katowice POL"]
[Date "2017.12.15"]
[Round "19.51"]
[White "Konopka, Michal"]
[Black "Miton, Kamil"]
[Result "0-1"]
[WhiteTitle "IM"]
[BlackTitle "GM"]
[WhiteElo "2381"]
[BlackElo "2584"]
[WhiteFideId "308633"]
[BlackFideId "1111914"]
[EventDate "2017.12.15"]
[EventType "blitz"]

1. Nf3 Nf6 2. c4 g6 3. g3 Bg7 4. Bg2 O-O 5. O-O d6 6. d4 Nc6 7. Nc3 Bg4 8. h3
Bxf3 9. exf3 d5 10. c5 e6 11. Be3 b6 12. Qa4 Qd7 13. b4 Ne7 14. Qxd7 Nxd7 15. a3
bxc5 16. bxc5 Nxc5 17. dxc5 Bxc3 18. Rab1 Rab8 19. Bf4 e5 20. Bh6 Rfd8 21. Bg5
Kf8 22. Bf6 Bd4 23. c6 Rxb1 24. Rxb1 Bb6 25. Bxe5 Nxc6 26. Bf6 Rd6 27. Bg5 Kg7
28. Bd2 Re6 29. Bf1 Ne5 30. Kg2 Rc6 31. Rc1 Rxc1 32. Bxc1 Kf6 33. f4 Nc4 34. Bd3
Ke6 35. g4 Nd6 36. Kf3 f5 37. Bb2 Ne4 38. gxf5+ gxf5 39. Bxe4 dxe4+ 40. Ke2 Kd5 0-1

[Event "European Blitz 2017"]
[Site "Katowice POL"]
[Date "2017.12.15"]
[Round "19.52"]
[White "Sahidi, Samir"]
[Black "Olszewski, Michal"]
[Result "0-1"]
[WhiteTitle "FM"]
[BlackTitle "GM"]
[WhiteElo "2247"]
[BlackElo "2540"]
[WhiteFideId "14936372"]
[BlackFideId "1121251"]
[EventDate "2017.12.15"]
[EventType "blitz"]

1. e4 c5 2. Nc3 d6 3. Bb5+ Nd7 4. d3 g6 5. f4 Bg7 6. Nf3 e6 7. O-O Ne7 8. Kh1
O-O 9. Bxd7 Bxd7 10. Be3 Rc8 11. Rb1 f5 12. d4 fxe4 13. Nxe4 Nf5 14. Bf2 cxd4
15. Nxd4 Nxd4 16. Bxd4 Bxd4 17. Qxd4 d5 18. Nc5 b6 19. Nxd7 Qxd7 20. c3 Rc4 21.
Qd2 Qd6 22. g3 d4 23. cxd4 Rxd4 24. Qg2 Rd2 25. Rf2 Rd8 26. Rbf1 Rxf2 27. Rxf2
Kf7 28. Qf3 Qd5 29. Kg2 Kf6 30. a3 h5 31. Re2 Qxf3+ 32. Kxf3 Rd3+ 33. Ke4 Rb3
34. Kd4 h4 35. gxh4 Rh3 36. Rf2 Rxh4 37. Ke3 Rh3+ 38. Ke4 Rh4 39. Ke3 Kf5 40. a4
Rh3+ 41. Kd4 a5 42. Kc4 Rh4 43. Kb5 Rxf4 44. Rxf4+ Kxf4 45. Kxb6 e5 46. Kc5 e4
47. b4 e3 48. bxa5 e2 49. a6 e1=Q 50. Kb6 Qb4+ 51. Kc7 Qxa4 52. Kb7 Qb5+ 0-1

[Event "European Blitz 2017"]
[Site "Katowice POL"]
[Date "2017.12.15"]
[Round "19.53"]
[White "Mazurkiewicz, Michal"]
[Black "Laurusas, Tomas"]
[Result "1/2-1/2"]
[BlackTitle "IM"]
[WhiteElo "2215"]
[BlackElo "2423"]
[WhiteFideId "1124943"]
[BlackFideId "12803731"]
[EventDate "2017.12.15"]
[EventType "blitz"]

1. e4 c6 2. Nf3 d5 3. Nc3 a6 4. d4 Bg4 5. Be2 e6 6. O-O Nf6 7. e5 Nfd7 8. h3 Bh5
9. g4 Bg6 10. Bd3 Be7 11. Ne2 c5 12. c4 Bxd3 13. Qxd3 dxc4 14. Qxc4 O-O 15. Be3
cxd4 16. Nexd4 Nb6 17. Qb3 N8d7 18. Rfd1 Nc5 19. Qc2 Nd5 20. Nf5 exf5 21. Bxc5
Rc8 22. Bxe7 Qxe7 23. Qxf5 g6 24. Qe4 Nb4 25. Rd6 Nc6 26. Rad1 Rc7 27. Kg2 Re8
28. R6d5 Nb4 29. Rd6 Nc6 30. R1d5 Qf8 31. Rd7 Rxd7 32. Rxd7 Re7 33. Qd5 Qe8 34.
Rxe7 Qxe7 35. Qd6 Kf8 36. Qd5 h6 37. Qd2 Kg7 38. Qc3 Qe6 39. Kg1 Kg8 40. Qd2 Kh7
41. Qe3 Qxa2 42. Qb6 Qd5 43. Qxb7 Qxf3 44. e6 Nd4 45. Qxf3 Nxf3+ 46. Kg2 Nh4+
47. Kg3 fxe6 48. Kxh4 Kg7 49. g5 h5 50. Kg3 e5 51. Kf3 Kf7 52. Ke4 Ke6 53. b4 h4
54. f4 exf4 55. Kxf4 Kd5 56. Kg4 Kc4 57. Kxh4 Kxb4 1/2-1/2

[Event "European Blitz 2017"]
[Site "Katowice POL"]
[Date "2017.12.15"]
[Round "19.54"]
[White "Krejci, Jan2"]
[Black "Sergeev, Vladimir"]
[Result "1-0"]
[WhiteTitle "GM"]
[BlackTitle "GM"]
[WhiteElo "2570"]
[BlackElo "2406"]
[WhiteFideId "322156"]
[BlackFideId "14101076"]
[EventDate "2017.12.15"]
[EventType "blitz"]

1. d4 Nf6 2. c4 c6 3. Nc3 d5 4. e3 Bg4 5. Qb3 Qb6 6. c5 Qc7 7. f4 Nbd7 8. h3 Bf5
9. Nf3 h6 10. Be2 e6 11. Bd2 Ne4 12. Nxe4 Bxe4 13. O-O Be7 14. Qc3 O-O 15. b4 a6
16. a4 b5 17. cxb6 Qxb6 18. a5 Qb7 19. Rfc1 Rfc8 20. Be1 Bxf3 21. Bxf3 Ra7 22.
e4 Raa8 23. f5 exf5 24. exf5 Bf6 25. Bf2 Rab8 26. Rab1 Qa7 27. Kh1 Qb7 28. Qd3
Ra8 29. Rc2 Be7 30. Qc3 Nf6 31. Bg3 Ne4 32. Bxe4 dxe4 33. Qe3 Qd7 34. Qxe4 Bd6
35. Bxd6 Qxd6 36. Rc5 Ra7 37. Rbc1 Re7 38. Qg4 Rce8 39. Qh4 Re4 40. Qf2 Rxd4 41.
Rxc6 Rd1+ 42. Rxd1 Qxd1+ 43. Kh2 Re1 44. f6 Rh1+ 45. Kg3 Qd3+ 46. Qf3 Qg6+ 47.
Qg4 Qd3+ 48. Qf3 Qg6+ 49. Kf2 Rb1 50. Rc8+ Kh7 51. fxg7 Rb2+ 52. Kg1 Rb1+ 53.
Kh2 Qd6+ 54. Qg3 Qxg3+ 55. Kxg3 Kxg7 56. Rb8 Rb2 57. Rb6 Rb1 58. Kf3 Rb2 59. g4
Rb3+ 60. Kg2 Kh7 61. h4 Kg7 62. h5 Kh7 63. Kf2 Kg7 64. Ke2 Kh7 65. Kd2 Kg7 66.
Kc2 Rg3 67. Rxa6 Rxg4 68. Rb6 Rg2+ 69. Kd3 Rg3+ 70. Ke4 Rg4+ 71. Kf3 Rg5 72. a6
Rg1 73. a7 Ra1 74. Rb7 Kf6 75. b5 Ke6 76. b6 Kd6 77. Rb8 Ra3+ 78. Ke4 Ra4+ 79.
Kf5 Ra5+ 80. Ke4 1-0

[Event "European Blitz 2017"]
[Site "Katowice POL"]
[Date "2017.12.15"]
[Round "19.55"]
[White "Kazakovskiy, Valeriy"]
[Black "Kashtanov, Ruslan"]
[Result "1-0"]
[WhiteTitle "IM"]
[BlackTitle "IM"]
[WhiteElo "2422"]
[BlackElo "2376"]
[WhiteFideId "13507443"]
[BlackFideId "4124871"]
[EventDate "2017.12.15"]
[EventType "blitz"]

1. d4 Nf6 2. Nf3 b6 3. c4 Bb7 4. g3 g6 5. Bg2 Bg7 6. O-O O-O 7. b3 d5 8. cxd5
Na6 9. Bb2 Nb4 10. Nbd2 Bxd5 11. a3 Nc6 12. Qc2 Nb8 13. e4 Bb7 14. Rfd1 Qc8 15.
Rac1 c5 16. dxc5 Qxc5 17. Qxc5 bxc5 18. e5 Nfd7 19. Nc4 a5 20. Ng5 Bxg2 21. Kxg2
Ra6 22. Rd3 a4 23. bxa4 Rxa4 24. e6 Bxb2 25. Nxb2 Rd4 26. Rxd4 cxd4 27. exd7
Nxd7 28. Rc7 Rd8 29. Nd3 e5 30. Ne4 f5 31. Rxd7 1-0

[Event "European Blitz 2017"]
[Site "Katowice POL"]
[Date "2017.12.15"]
[Round "19.56"]
[White "Skliarov, Viktor"]
[Black "Kyc, Jerzy"]
[Result "0-1"]
[WhiteTitle "IM"]
[WhiteElo "2353"]
[BlackElo "2265"]
[WhiteFideId "14106736"]
[BlackFideId "1163922"]
[EventDate "2017.12.15"]
[EventType "blitz"]

1. e4 c5 2. Nf3 d6 3. d4 cxd4 4. Qxd4 Bd7 5. Be3 Nc6 6. Qd2 Nf6 7. Nc3 Bg4 8.
O-O-O g6 9. h3 Bxf3 10. gxf3 Bg7 11. f4 Qa5 12. Kb1 O-O 13. f5 Rfc8 14. fxg6
hxg6 15. f4 Nb4 16. a3 Nxe4 17. Nxe4 Rxc2 18. Qxb4 Rxb2+ 19. Qxb2 Bxb2 20. Kxb2
Rc8 21. Bd4 d5 22. Nc3 b5 23. Nxd5 Qa4 24. Nxe7+ Kf8 25. Nxc8 Qxd1 26. Bc5+ Kg7
27. Nd6 Qd5 28. Ne8+ Kh8 29. Rh2 Qxc5 30. Re2 Qd4+ 31. Kc2 a5 32. Bg2 Qxf4 33.
Be4 Qb8 34. Bd3 b4 35. axb4 Qxb4 36. Re4 Qc5+ 37. Kb3 Qd5+ 38. Kc2 Qc5+ 39. Kb3
a4+ 40. Kxa4 Qc3 41. Bb5 Qc2+ 42. Ka5 Qxe4 43. Nd6 Qe7 44. Nc8 Qd8+ 45. Nb6 f5
46. Ka6 Kg7 47. Bc6 Qc7 48. Kb5 f4 49. Nd5 Qe5 50. Kc4 f3 0-1

[Event "European Blitz 2017"]
[Site "Katowice POL"]
[Date "2017.12.15"]
[Round "19.57"]
[White "Stocek, Jiri"]
[Black "Zimina, Olga"]
[Result "0-1"]
[WhiteTitle "GM"]
[BlackTitle "IM"]
[WhiteElo "2566"]
[BlackElo "2415"]
[WhiteFideId "304760"]
[BlackFideId "4132190"]
[EventDate "2017.12.15"]
[EventType "blitz"]

1. d4 d5 2. c4 c6 3. Nf3 Nf6 4. Nc3 dxc4 5. a4 Bf5 6. Nh4 e6 7. Nxf5 exf5 8. e3
Bb4 9. Bxc4 O-O 10. Qc2 g6 11. O-O Nbd7 12. f3 Rc8 13. Kh1 c5 14. Ba2 Nb6 15.
Qf2 Nfd5 16. Nxd5 Nxd5 17. e4 Ne7 18. Bh6 Re8 19. dxc5 Bxc5 20. Qg3 Qc7 21. e5
Nc6 22. Rae1 Nd4 23. Qh4 Qd8 24. Bg5 Qb6 25. Bh6 Ne6 26. Qf6 Bf8 27. Bxf8 Rxf8
28. a5 Qa6 29. b4 Nd4 30. Qxa6 bxa6 31. Rf2 Rfe8 32. f4 Nc2 33. Rb1 Na3 34. Rd1
Nc2 35. Rd7 Nxb4 36. Bxf7+ Kf8 37. g4 Re7 0-1

[Event "European Blitz 2017"]
[Site "Katowice POL"]
[Date "2017.12.15"]
[Round "19.58"]
[White "Szadkowski, Kamil"]
[Black "Pulpan, Jakub"]
[Result "0-1"]
[BlackTitle "IM"]
[WhiteElo "2291"]
[BlackElo "2400"]
[WhiteFideId "1123203"]
[BlackFideId "302759"]
[EventDate "2017.12.15"]
[EventType "blitz"]

1. e4 g6 2. d4 a6 3. Nc3 Bg7 4. f4 d5 5. e5 h5 6. Nf3 Nh6 7. h3 Nf5 8. Bd3 Nc6
9. O-O Nb4 10. a3 Nxd3 11. Qxd3 Ng3 12. Re1 Bf5 13. Qd1 e6 14. Be3 Be4 15. Bf2
Bxf3 16. Qxf3 Nf5 17. Nd1 Qd7 18. c4 c6 19. cxd5 cxd5 20. Rc1 h4 21. Qd3 Bh6 22.
Qf3 Qb5 23. b4 O-O 24. Rc5 Qa4 25. Nb2 Qd7 26. Rec1 Rac8 27. Qg4 Rxc5 28. dxc5
d4 29. Rd1 Qd5 30. Qf3 Qa2 31. Rd2 Qb1+ 32. Kh2 Qc1 33. Qd3 Bxf4+ 0-1

[Event "European Blitz 2017"]
[Site "Katowice POL"]
[Date "2017.12.15"]
[Round "19.59"]
[White "Gdanski, Jacek"]
[Black "Tokranovs, Dmitrijs"]
[Result "0-1"]
[WhiteTitle "GM"]
[BlackTitle "FM"]
[WhiteElo "2458"]
[BlackElo "2348"]
[WhiteFideId "1100106"]
[BlackFideId "11603011"]
[EventDate "2017.12.15"]
[EventType "blitz"]

1. e4 d5 2. exd5 Nf6 3. c4 c6 4. d4 cxd5 5. Nc3 Nc6 6. Nf3 e6 7. c5 Be7 8. Bb5
Bd7 9. O-O O-O 10. Re1 b6 11. Bxc6 Bxc6 12. b4 Ne4 13. Bd2 a5 14. Ne5 Qc7 15.
cxb6 Qxb6 16. bxa5 Qa6 17. Rc1 Nxd2 18. Qxd2 Be8 19. Re3 Bg5 20. Rce1 f6 21. Nf3
Bxe3 22. Qxe3 Bf7 23. Na4 Qxa5 24. Nc5 Qxa2 25. h4 Qa3 26. Qf4 Qc3 27. Re3 Ra1+
28. Kh2 Qc1 29. Kg3 Ra3 30. Nd7 Rxe3 31. fxe3 Rd8 32. Qd6 Qc8 0-1

[Event "European Blitz 2017"]
[Site "Katowice POL"]
[Date "2017.12.15"]
[Round "19.61"]
[White "Kreisl, Robert"]
[Black "Narva, Mai"]
[Result "1-0"]
[WhiteTitle "IM"]
[BlackTitle "WIM"]
[WhiteElo "2440"]
[BlackElo "2211"]
[WhiteFideId "1613880"]
[BlackFideId "4500512"]
[EventDate "2017.12.15"]
[EventType "blitz"]

1. Nf3 Nf6 2. g3 d5 3. Bg2 c5 4. O-O Nc6 5. c4 e6 6. d4 Be7 7. cxd5 exd5 8. dxc5
Bxc5 9. a3 O-O 10. b4 Bb6 11. Nc3 h6 12. Na4 Bc7 13. Be3 Re8 14. Rc1 a6 15. Nd4
Ne5 16. Bf4 Bd6 17. Qb3 Ng6 18. Bxd6 Qxd6 19. Rfd1 Bg4 20. Qb2 Qe7 21. h3 Be6
22. Nxe6 fxe6 23. Qc2 Qf7 24. Nc5 Rac8 25. Qb2 e5 26. e4 d4 27. Bf1 Kh7 28. Bc4
Qe7 29. Qe2 a5 30. Bb5 Rf8 31. Nd3 axb4 32. axb4 Qe6 33. Kg2 Nd7 34. Qg4 Qxg4
35. hxg4 Nf6 36. f3 Rfd8 37. Bc4 Ra8 38. Bf7 1-0

[Event "European Blitz 2017"]
[Site "Katowice POL"]
[Date "2017.12.15"]
[Round "19.62"]
[White "Olkhovskiy, Alexander"]
[Black "Licznerski, Lukasz"]
[Result "0-1"]
[BlackTitle "FM"]
[WhiteElo "2145"]
[BlackElo "2267"]
[WhiteFideId "34188611"]
[BlackFideId "1179250"]
[EventDate "2017.12.15"]
[EventType "blitz"]

1. e4 c6 2. d4 d5 3. e5 c5 4. dxc5 e6 5. a3 Nc6 6. Nf3 Bxc5 7. b4 Bb6 8. Bd3 f6
9. Bb2 fxe5 10. Nxe5 Nxe5 11. Bxe5 Nf6 12. O-O O-O 13. Nd2 Bd7 14. Nf3 Be8 15.
Ng5 Qd7 16. Bxf6 gxf6 17. Nxh7 Rf7 18. Qg4+ Kh8 19. Qh4 Rxh7 20. Bxh7 Qxh7 21.
Qxf6+ Qg7 22. Qxe6 Bf7 23. Qd7 Bg8 24. Qxg7+ Kxg7 25. Rfe1 Rc8 26. Re2 Bh7 27.
Rd1 d4 28. g3 Bxc2 29. Rdd2 d3 30. Re7+ Kf6 31. Rxb7 Re8 32. Kg2 Re2 0-1

[Event "European Blitz 2017"]
[Site "Katowice POL"]
[Date "2017.12.15"]
[Round "19.63"]
[White "Jahncke, Giso"]
[Black "Vaicekauskas, Gytis"]
[Result "0-1"]
[WhiteTitle "FM"]
[WhiteElo "2403"]
[BlackElo "2210"]
[WhiteFideId "24608289"]
[BlackFideId "12805459"]
[EventDate "2017.12.15"]
[EventType "blitz"]

1. Nf3 Nf6 2. c4 e6 3. g3 b6 4. Bg2 Bb7 5. O-O c5 6. Nc3 d6 7. d4 cxd4 8. Qxd4
a6 9. Bg5 Be7 10. Bxf6 Bxf6 11. Qf4 O-O 12. Rfd1 Be7 13. Ne4 d5 14. cxd5 exd5
15. Nc3 Bd6 16. Qd2 Nd7 17. Nxd5 Bb8 18. e4 Nc5 19. Qc2 Ba7 20. b4 Ne6 21. Ne5
Rc8 22. Qb3 b5 23. Nf3 Qe8 24. Rac1 Rxc1 25. Rxc1 Qd7 26. Bh3 Rc8 27. Rd1 Qe8
28. Qd3 h6 29. Ne3 Rd8 30. Qe2 Rxd1+ 31. Qxd1 Qc6 32. Bg2 Qxe4 33. Ne1 Qxb4 34.
Bxb7 Bxe3 35. fxe3 Qc3 36. Qd3 Qxe1+ 37. Qf1 Qxe3+ 38. Qf2 Qxf2+ 39. Kxf2 Nc5
40. Bc6 Kf8 41. Ke3 Ke7 42. Kd4 Kd6 43. Be8 Ne6+ 44. Kc3 f6 45. Bf7 Nc7 46. Kb4
Kc6 47. Ka5 Kc5 48. Bg6 b4 49. Bd3 Nb5 50. Kxa6 Nc3 51. Ka5 Nxa2 52. Ka4 Nc1 53.
Bb1 Kc4 54. h4 g5 55. hxg5 hxg5 56. g4 b3 57. Ka3 Kc3 58. Ka4 Ne2 59. Kb5 b2 60.
Kc5 Kd2 61. Kd6 Nc3 62. Bf5 Ke3 63. Ke6 Kf4 64. Bc2 b1=Q 65. Bxb1 Nxb1 66. Kxf6
Kxg4 0-1

[Event "European Blitz 2017"]
[Site "Katowice POL"]
[Date "2017.12.15"]
[Round "19.64"]
[White "Sieciechowicz, Marcin"]
[Black "Jaroch, Karol"]
[Result "1-0"]
[WhiteTitle "IM"]
[WhiteElo "2387"]
[BlackElo "2252"]
[WhiteFideId "1130170"]
[BlackFideId "1130609"]
[EventDate "2017.12.15"]
[EventType "blitz"]

1. d4 e6 2. c4 Nf6 3. Nc3 Bb4 4. e3 b6 5. Ne2 Bb7 6. a3 Be7 7. d5 O-O 8. Nf4 e5
9. Nd3 d6 10. Be2 Nbd7 11. b4 h6 12. O-O Nh7 13. e4 a5 14. Rb1 axb4 15. axb4 Ba6
16. Qb3 Ndf6 17. Bd2 Bc8 18. Ra1 Rb8 19. Qc2 Bd7 20. c5 bxc5 21. bxc5 Bg4 22. f3
Bc8 23. Rfb1 Rxb1+ 24. Rxb1 Nh5 25. Nb5 Bg5 26. Bxg5 Nxg5 27. cxd6 cxd6 28. Qc7
Qxc7 29. Nxc7 Rd8 30. Rb8 f6 31. Nb4 Nf4 32. Ba6 f5 33. exf5 Kf7 34. Rxc8 Rd7
35. Bb5 Re7 36. Nc6 Rxc7 37. Rxc7+ Kf6 38. Bc4 h5 39. Kf2 h4 40. Nb8 Kxf5 41.
Rxg7 Kf6 42. Rxg5 Kxg5 43. Nc6 Kf6 44. g3 hxg3+ 45. hxg3 Nh3+ 46. Ke3 Ng5 47.
Nb4 Nf7 48. Nd3 Nh6 49. g4 Nf7 50. Nf2 Ke7 51. Ne4 Nh6 52. Be2 Kd7 53. f4 exf4+
54. Kxf4 Nf7 55. g5 Ne5 56. Kf5 Ke7 57. g6 Nd7 58. Bh5 Nb6 59. g7 Nxd5 60. g8=Q
Ne3+ 61. Kf4 1-0

[Event "European Blitz 2017"]
[Site "Katowice POL"]
[Date "2017.12.15"]
[Round "19.65"]
[White "Shkapenko, Pavel"]
[Black "Klabis, Rokas"]
[Result "1-0"]
[WhiteTitle "IM"]
[BlackTitle "FM"]
[WhiteElo "2431"]
[BlackElo "2366"]
[WhiteFideId "4151933"]
[BlackFideId "12805246"]
[EventDate "2017.12.15"]
[EventType "blitz"]

1. e4 e5 2. Nf3 Nc6 3. g3 g6 4. c3 Bg7 5. d4 exd4 6. cxd4 Nge7 7. d5 Nb8 8. Bg2
d6 9. O-O O-O 10. h3 b5 11. Nc3 b4 12. Ne2 a5 13. Ned4 Ba6 14. Re1 Nd7 15. Bg5
Bb7 16. Rc1 Rc8 17. Qd2 Qe8 18. Nb3 c5 19. Nxa5 Ba6 20. Bf1 Ra8 21. Bxa6 Rxa6
22. Nc4 Nc8 23. a3 bxa3 24. bxa3 Ndb6 25. Qd3 Nxc4 26. Rxc4 h6 27. Bc1 Ra8 28.
e5 dxe5 29. d6 Qd7 30. Rxc5 Qxd6 31. Qxd6 Nxd6 32. Nxe5 Rfe8 33. Nf3 Rxe1+ 34.
Nxe1 Ne4 35. Rc4 Nd6 36. Rc6 Nb5 37. Nc2 Bf8 38. Rb6 Nxa3 39. Nxa3 Bxa3 40. Bxh6
Bb4 41. Rxb4 1-0

[Event "European Blitz 2017"]
[Site "Katowice POL"]
[Date "2017.12.15"]
[Round "19.66"]
[White "Widla, Piotr"]
[Black "Meissner, Felix"]
[Result "1/2-1/2"]
[BlackTitle "FM"]
[WhiteElo "2046"]
[BlackElo "2333"]
[WhiteFideId "1132164"]
[BlackFideId "24671827"]
[EventDate "2017.12.15"]
[EventType "swiss"]

1. e4 c5 2. Nc3 a6 3. g3 b5 4. a3 Bb7 5. Bg2 e6 6. d3 Nc6 7. Be3 d6 8. Nge2 g6
9. Qd2 Bg7 10. h4 h6 11. O-O Nd4 12. f4 Ne7 13. Nd1 Qc7 14. Nf2 Rc8 15. Rae1
Nxe2+ 16. Rxe2 Bxb2 17. c3 Bxa3 18. Ng4 Ng8 19. f5 gxf5 20. Nxh6 Nxh6 21. Bxh6
fxe4 22. dxe4 b4 23. Bg7 Rh7 24. Qg5 Qe7 25. Bf6 Qf8 26. Bh3 Qh6 27. Qg4 bxc3
28. Bxc3 Kd7 29. e5 Bc6 30. exd6 Bc1 31. Kh2 Be3 32. Qc4 Bb5 33. Qe4 Bxe2 34.
Qb7+ Kxd6 35. Re1 Rc7 36. Qb6+ Kd7 37. Be5 Rc6 38. Qb7+ Ke8 39. Qxc6+ Kf8 40.
Bd6+ Kg7 41. Be5+ f6 42. Qd7+ Kg6 43. Qxe6 Qh5 44. Qe8+ Kh6 45. Qxh5+ Kxh5 46.
Rxe2 fxe5 47. Rxe3 Rc7 48. Rxe5+ Kg6 49. Bf1 c4 50. Ra5 c3 51. Bd3+ Kf6 52.
Rxa6+ Ke5 53. Bc2 Kd4 54. Ra4+ Ke3 55. Kh3 Kd2 56. Bf5 Rc5 57. Rd4+ Ke3 58. Re4+
Kf3 59. Rf4+ Ke3 60. Kg4 Ke2 61. h5 c2 62. Bxc2 Rxc2 63. h6 Rc6 64. Kg5 Rc5+ 65.
Rf5 Rc3 66. g4 Rh3 67. Kg6 Ke3 68. g5 Ke4 69. Rf6 Ke5 70. h7 Rh4 71. Rf7 1/2-1/2

[Event "European Blitz 2017"]
[Site "Katowice POL"]
[Date "2017.12.15"]
[Round "19.67"]
[White "Janaszak, Dawid"]
[Black "Terletsky, Oleg"]
[Result "1/2-1/2"]
[WhiteTitle "FM"]
[BlackTitle "FM"]
[WhiteElo "2372"]
[BlackElo "2384"]
[WhiteFideId "1119206"]
[BlackFideId "14116774"]
[EventDate "2017.12.15"]
[EventType "blitz"]

1. d4 Nf6 2. Nc3 d5 3. Bf4 g6 4. Qd2 Bg7 5. Bh6 O-O 6. h4 c5 7. Bxg7 Kxg7 8. Nf3
cxd4 9. Qxd4 Nc6 10. Qd2 d4 11. Nd1 e5 12. h5 Nxh5 13. e3 dxe3 14. Qxe3 e4 15.
Nd2 f5 16. Bb5 Nd4 17. Qc3 Qf6 18. Ba4 Be6 19. Ne3 Rac8 20. Qa5 Rf7 21. c3 Nc6
22. Qb5 Ne5 23. Bc2 a6 24. Qa5 Rd7 25. O-O-O Rcd8 26. Nb3 Rxd1+ 27. Rxd1 Rxd1+
28. Kxd1 Nf4 29. Qc7+ Kh6 30. Nd4 Nfd3 31. Qd6 Nxf2+ 32. Ke1 Ned3+ 33. Kd2 f4
34. Qxe6 fxe3+ 35. Kxe3 Qf4+ 36. Ke2 Ng4 37. Bxd3 Qe3+ 38. Kd1 Qxd3+ 39. Kc1 Ne3
40. Qh3+ Kg7 41. Qd7+ Kh6 42. Qh3+ Kg5 43. Qg3+ Kf6 44. Qd6+ Kg7 45. Qe7+ Kh6
46. Qh4+ Kg7 47. Qe7+ Kh6 48. Qh4+ Kg7 49. Qe7+ Kh6 1/2-1/2